MDQL
is popping MORE tags! Check the
thread
!
Quizzes
Events
Quiz Creation
Community
Videos
Private Events
Remove Ads
Sign In
Join for FREE
Feedback
Dark Mode
Quiz Categories
Sports
Geography
Music
Movies
Television
Just For Fun
Miscellaneous
History
Literature
Language
Science
Gaming
Entertainment
Religion
Holiday
For Kids
Quiz Lab
Recent
Popular Today
Quiz Kudos Today
Editor Picks
Curator Picks
Quizzes by...
Day
Popularity
Type
Ratings
Length
Year
Community
Subscriptions
Recent Discussions
Orange Saloon
Badges
Playlists
Quests
Create
Leaderboards
Showdown
Live 5
Trivia Bingo
Activity
Puzzle Library
Sporcle Events
Private Events
Virtual Trivia
Globe League
Become a Host
Pub Owners
SporcleCon
Opinionation
Our Games
Videos
Blog
Mobile Apps
Partnerships
Remove Ads and Go Orange
Feedback
Entertainment
Celebrity
Famous
Musical
Broadway
Show
Quote
Comic Books
Anime
Superhero
DC Comics
Marvel
Cartoons
Animation
Entertainment
Celebrity
Famous
Musical
Broadway
Show
Quote
Comic Books
Anime
Superhero
DC Comics
Marvel
Cartoons
Animation
Random Quiz
Search Sporcle
×
Quiz Lab
Quiz Lab
Entertainment
Broadway
Type answers based on single images at one time
Type answers based on single images at one time
Slideshow
Best Score? Go Orange.
Broadway Musicals by Playbill Cast Page Stats
Can you name the Broadway Musicals by Playbill Cast Page?
By
DanTravers
10m
25 Questions
94 Plays
94 Plays
94 Plays
Comments
Comments
Give Quiz Kudos
Give Quiz Kudos
-
- Ratings
hide this ad
More Info
Replay
Link that replays current quiz
Next Quiz
Link to next quiz in quiz playlist
You Got
0%
They Got
Avg Score
61%
Avg Friend Score
Upgrade to see
Score Distribution
Jump to the score distribution portion of the page
Score
0/25
Timer
10:00
0
Plays Today
% Correct
The Phantom of the Opera
91.5%
Wicked
88.3%
Rent
83%
How to Succeed in Business without Really Trying
81.9%
Shrek the Musical
78.7%
The Book of Mormon
77.7%
Into the Woods
71.3%
In the Heights
70.2%
Chicago
69.1%
Legally Blonde
69.1%
Porgy and Bess
67%
Evita
67%
Fun Home
61.7%
% Correct
Bonnie and Clyde
57.4%
Sunset Boulevard
57.4%
South Pacific
55.3%
The 25th Annual Putnam County Spelling Bee
53.2%
Beauty and the Beast
52.1%
Sweeney Todd: The Demon Barber of Fleet Street
48.9%
Dirty Rotten Scoundrels
48.9%
Young Frankenstein
45.7%
Assassins
44.7%
The Mystery of Edwin Drood
37.2%
Guys and Dolls
36.2%
The Goodbye Girl
22.3%
Quiz Playlist
Details
Report
Send in Message
Add To Playlist
More Info:
Name the musical by an image of the cast in the opening night playbill.
Slideshow:
Type answers based on single images at one time
Quiz Source
Last Updated: Feb 7, 2018
Quiz Scoreboard
CHALLENGE
Sign Up to Join the Scoreboard
Show All
Scores
Hide
Comments
May contain spoilers
Recently Published
Colored Red Africa Blitz
by spor1
Geography
30s
Find the 'City' Movie
by crazypaving
Movies
60s
5x2 Blitz: Bands
by SL_Kpop136
Music
30s
More to Explore
Quiz From the Vault
Featured Blog Post
14 Easter Pick-up Lines to Find Eggs With
hide this ad
You Might Also Like...
Tags
Broadway Quiz
Broadway Actors
Broadway Musicals
Broadway Shows
Original Broadway
Playbill
Today's Top Quizzes in Entertainment
Browse Entertainment
hide this ad
Today's Top Quizzes in Broadway
Browse Broadway
Top Contributed Quizzes in Entertainment
1
Dragon Ball Z: Goku's Fights in Order
2
Celebrity Spelling Bee
3
Fairy Tail 12-1
4
Marvel Characters Bunker
5
X-Men: 10 to 1
6
'Dear Evan Hansen' Start to Finish
7
Click the 'C' Cartoon Characters II
8
Homestuck Ship Identification (Part 1)
9
How well do you know BTS?
10
Obscure Knowledge - 7 Dirty Words
Explore More
Trending Topics
NBA
Anime
Marvel
Disney
Kpop
Crossword
Harry Potter
The Office
Song
Puzzle
WWE
Soccer
Country
Pokémon
NFL
hide this ad
More By:
DanTravers
Quiz
Plays
Rating
Category
Featured
Created
NBC Sitcom Last Name Extravaganza!
17,198
4.45
Television
Oct 18, 2017
Every Oscar Winning Actor EVER
8,717
4.13
Movies
May 11, 2011
Emmy - Drama Supporting Actor
7,644
4.47
Television
Sep 14, 2010
The Academy Awards: Volume 7
4,276
4.64
Movies
Feb 4, 2010
The Academy Awards: Volume 6
3,975
4.67
Movies
Feb 4, 2010
Go to Creator's Profile
Score Distribution
Quiz Creator Spotlight
DanTravers
Follow
Send a Message
Quizzes Created
-
Created Quiz Play Count
-
More By This Creator
Popular Quizzes Today
1
5x2 Blitz: Bands
2
Find the 'City' Movie
3
Colored Red Africa Blitz
4
Find the US States - No Outlines Minefield
5
The Countries of the World
6
Find the US States
7
9x9 Crossword: Cartoon Network
8
US States
More Entertainment Quizzes
Five Letter Names (Men) Blitz
Published
Trending Quizzes
Colored Red Africa Blitz II
Colored Red Europe Blitz I
Christmas Pick: Judaism
Colored Red Africa Blitz III
Colored Red Europe Blitz II
Recently Updated
Champions League XIs: Real Madrid
pecheneg
Largest US Cities 1790-2010
pecheneg
Rides in Walt Disney World
pecheneg
Most Oscar Losses (Acting)
pecheneg
Beyoncé Albums
pecheneg
Leaping Animals
pecheneg
Reality TV Shows (A-Z)
bhenderson79
Rickey Henderson's Hall of Fame Teammates
pecheneg
Champions League XIs: Arsenal
pecheneg
Quick Pick: Celebrities in WWE's Hall of Fame
aduchscher
Trending Topics
Marvel
Anime
Crossword
Disney
Harry Potter
Kpop
NBA
WWE
The Office
Country
Puzzle
Soccer
Song
Pokémon
NFL
Your Account Isn't Verified!
In order to create a playlist on Sporcle, you need to verify the email address you used during registration. Go to your
Sporcle Settings
to finish the process.
Report this User
Report this user for behavior that violates our
Community Guidelines
.
Details:
Send Report
Go to the Sporcle.com Mobile Site →
Comments